000 01071nam a2200229Ia 4500
999 _c37603
_d37603
001 3575
003 GE_BSU
005 20190528160404.0
008 181216s1985|||| |||||||||||||| ||geo||
040 _cGE_BSU
041 _ageo
080 _a512.25(071.1) გ-20
245 _aგანტოლებები,უტოლობები,სისტემები : დამხ.სახელმძღ. /
_cზ.ნაცვლიშვილი ; ა. კვალიაშვილი ; ზ. ჭყონია და სხვ ; რედ : ი.ჩახტაური
264 _aთბილისი :
_bგანათლება,
_c1985.
300 _a222 გვ .:
_c 22 სმ.
653 _aგანტოლებები,უტოლობები,სისტემები
700 _aნაცვლიშვილი,ზ.
_91733
700 _aკვალიაშვილი,ა.
_91734
700 _aჭყონია,ზ.
_91735
700 _aჩახტაური, ი.
_eრედაქტორი
_91736
942 _cBK
_2udc